Top 15 countries consumption of Fish - Statistics

General Stats
  • This quiz has been taken 35 times
  • The average score is 9 of 15
Answer Stats
Country Consumption per capita (kg/pa) % Correct
Japan 45.49
91%
Norway 51.35
79%
Iceland 90.71
76%
South Korea 54.97
74%
Indonesia 44.67
68%
Malaysia 57.62
65%
Maldives 90.41
65%
Portugal 56.84
62%
Micronesia 72.46
53%
Kiribati 76.69
50%
Samoa 46.32
50%
Brunei 46.70
38%
Cambodia 42.69
38%
Myanmar 47.32
26%
Antigua and Barbuda 52.54
24%
No matching quizzes found
Score Distribution
Percent of People with Each Score
Percentile by Number Answered
Your Score History
You have not taken this quiz